[Event "Barcelona Sant Marti op-B 15th"]
[Site "Barcelona"]
[Date "2013.07.16"]
[Round "4"]
[White "Delgado Lozano, Ignacio Maria"]
[Black "Torres Maiquez, Sergio"]
[Result "1-0"]
[WhiteElo "1765"]
[BlackElo "1908"]
[PlyCount "47"]
[EventDate "2013.07.13"]
[EventType "swiss"]
[EventRounds "9"]
[EventCountry "ESP"]
[SourceTitle "CBM 155 Extra"]
[Source "ChessBase"]
[SourceDate "2013.08.26"]
[SourceVersion "1"]
[SourceVersionDate "2013.08.26"]
[SourceQuality "1"]

1. Nf3 Nf6 2. g3 d5 3. d4 c5 4. Bg2 Nc6 5. 0-0 e6 6. c4 Bd6 7. Nc3 0-0 8. cxd5 exd5 9. dxc5 Bxc5 10. Bg5 Be6 11. Rc1 Be7 12. Nd4 Nxd4 13. Qxd4 h6 14. Bf4 Qd7 15. Rfd1 Rfd8 16. a3 Rac8 17. Qxa7 Rc4 18. Qa5 Rxf4 19. gxf4 d4 20. Nb5 Bh3 21. Rxd4 Qg4 22. Rxd8+ Bxd8 23. Qxd8+ Kh7 24. Qd3+ 1-0

[Event "Andalucia-ch U16 1011"]
[Site "Almeria"]
[Date "2011.03.25"]
[Round "3.10"]
[White "Delgado Lozano, Ignacio Maria"]
[Black "Juan Delgado, Adrian"]
[Result "1-0"]
[WhiteElo "1565"]
[BlackElo "1665"]
[PlyCount "73"]
[EventDate "2011.03.25"]
[EventType "swiss"]
[EventRounds "9"]
[EventCountry "ESP"]
[SourceTitle "EXT 2024"]
[Source "ChessBase"]
[SourceDate "2023.10.10"]
[SourceVersion "1"]
[SourceVersionDate "2023.10.10"]
[SourceQuality "1"]

1. d4 d5 2. Nf3 Nf6 3. g3 e6 4. Bg2 Bd6 5. 0-0 0-0 6. c4 c6 7. Nc3 Nbd7 8. b3 b6 9. Bb2 Bb7 10. Qc2 Qe7 11. e4 Nxe4 12. Nxe4 dxe4 13. Qxe4 Nf6 14. Qc2 Rfd8 15. Rfe1 Ba3 16. Rad1 Bxb2 17. Qxb2 c5 18. Ne5 Bxg2 19. Kxg2 cxd4 20. Rxd4 Rxd4 21. Qxd4 Rd8 22. Qe3 Qd6 23. Re2 Kf8 24. Qf3 h6 25. Qb7 Qe7 26. Qxe7+ Kxe7 27. Nc6+ Kd7 28. Nxd8 Kxd8 29. Rd2+ Kc7 30. b4 Ne4 31. Rd4 Nf6 32. Kf3 Nd7 33. h4 Nf6 34. Rf4 Kc6 35. Rxf6 gxf6 36. Kg4 Kd6 37. Kh5 1-0